Jeanjass - Hat Trick - Statistiques

Statistiques générales
  • Ce quiz a été pris 26 fois
  • Le résultat moyen est 8 sur 18
Statistiques - réponses
Hint Réponse % Correct
1 Hat Trick
78%
8 Qu'est-ce qui m'arrive
67%
6 Mari de Kim
61%
7 Mari de Kim - Interlude
61%
13 Mains qui prient
56%
3 GOJJ
50%
11 Président
50%
2 Billet de 100
44%
18 Classico
44%
17 Déconseillé
44%
15 Derrière ses oreilles
44%
4 Ovni
44%
10 Berkane
39%
12 Fatigué
33%
9 Roulez Jeunesse
33%
16 Climax - Interlude
28%
14 Meilleure vie
22%
5 Oh que si
22%
Aucun quiz correspondant
Distribution des résultats
% des personnes avec chaque résultat
Percentile par nombre de réponses
Votre historique - résultats
Vous n’avez pas pris ce quiz